| 000 | 00849cam a22002291 4500 | ||
|---|---|---|---|
| 001 | e 31000356 | ||
| 003 | DLC | ||
| 005 | 20260227111221.0 | ||
| 008 | 830316s1931 nyu 000 0 eng c | ||
| 010 | _ae 31000356 | ||
| 035 | _a(OCoLC)9316422 | ||
| 040 |
_aLibrary, U.S. Office of Education _cOU _dDLC |
||
| 042 | _apremarc | ||
| 050 | 0 | 0 |
_aLB1777 _b.C68 |
| 100 | 1 |
_aCoxe, Warren W. _q(Warren Winfred), _d1886-1956. |
|
| 245 | 1 | 0 |
_aStudy of the high school teacher in New York state, _cby Warren W. Coxe ... Wayne W. Soper. |
| 260 |
_aAlbany, _bThe University of the state of New York press, _c1931. |
||
| 300 |
_a42 p. _btables. _c23 cm. |
||
| 490 | 0 |
_aUniversity of the state of New York bulletin _vno. 964. January 15, 1931 |
|
| 650 | 0 |
_aTeachers _zNew York (State) |
|
| 700 | 1 |
_aSoper, Wayne W. _q(Wayne Wellington), _d1891-1956, _ejoint author. |
|
| 999 |
_c21099 _d21099 |
||